00705nam a2200205 i 4500001000700000003000900007005001700016008004100033020002200074080003400096100004300130245005800173250001200231260003900243300005700282490002800339600005000367830002800417852005400445179114ES-MaACL20250512150948.0110913s2010 sp acfo |||| |bspa d a978-84-666-4412-9 a929 Labordeta, José Antonio1 aLabordeta, José Antonio, d1935-201010aRegular, gracias a dios / cJosé Antonio Labordeta. a1ª ed. aBarcelona : bEdiciones B, c2010. a230 p., [24] p. de lám. col. y n., fot. ; c24 cm.1 aNo ficción. Crónica17aLabordeta, José Antonio, d1935-20102embne0 aNo ficción. Crónica aES-MaACLbR.146336jA-11505dOlim: N-4509 cDEPO1